[Event "Coupe de la Federation, phase inter-reg"]
[Site "?"]
[Date "2003.05.11"]
[Round "2"]
[White "Tripoz, Alexandre"]
[Black "Bellotti, Laurent"]
[Result "1-0"]
[WhiteElo "1570"]
[BlackElo "1499"]
[PlyCount "101"]

1. e4 c5 2. Nc3 d6 3. g3 Nc6 4. Bg2 e5 5. d3 Nf6 6. h3 b6 7. f4 Qd7 8. Qf3 Nd4
9. Qf2 Bb7 10. Nf3 Nxf3+ 11. Qxf3 a6 12. a3 Qe7 13. O-O g6 14. fxe5 Nd7 15.
exd6 Qe6 16. Nd5 O-O-O 17. Qxf7 Qxf7 18. Rxf7 Bxd5 19. exd5 Bxd6 20. Bf4 Bxf4
21. Rxf4 Rhf8 22. Raf1 Rde8 23. Rxf8 Rxf8 24. Rxf8+ Nxf8 25. Kf2 Kd7 26. Ke3
Kd6 27. c4 Nd7 28. d4 cxd4+ 29. Kxd4 Nf6 30. b4 Nd7 31. g4 a5 32. Bf3 axb4 33.
axb4 h6 34. h4 g5 35. h5 Kc7 36. c5 bxc5+ 37. bxc5 Kc8 38. c6 Nb8 39. Kc5 Kd8
40. Kb6 Kc8 41. d6 Nd7+ 42. cxd7+ Kxd7 43. Kc5 Kc8 44. Kc6 Kd8 45. d7 Ke7 46.
Kc7 Kf6 47. d8=Q+ Kg7 48. Qe7+ Kg8 49. Bd5+ Kh8 50. Qf8+ Kh7 51. Qg8# 1-0

[Event "Coupe de la Federation, phase inter-reg"]
[Site "?"]
[Date "2003.05.11"]
[Round "2"]
[White "Detanoy, Fabrice"]
[Black "Mollard, Bernard"]
[Result "0-1"]
[WhiteElo "1680"]
[BlackElo "1690"]
[PlyCount "78"]

1. e4 d6 2. d4 Nf6 3. Nc3 g6 4. Be2 Bg7 5. h4 h5 6. Nf3 Nbd7 7. Be3 Ng4 8. Ng5
Nxe3 9. fxe3 a6 10. Bc4 e6 11. Qf3 Qe7 12. O-O-O b5 13. e5 Rb8 14. exd6 cxd6
15. Bd3 Bb7 16. Nce4 O-O 17. Qh3 Nf6 18. Nxf6+ Bxf6 19. Ne4 Bg7 20. Rhg1 e5 21.
g4 exd4 22. gxh5 Bxe4 23. hxg6 Bxg6 24. h5 Bxd3 25. Rxd3 Kh8 26. Rxg7 Kxg7 27.
Qg4+ Kh7 28. h6 f5 29. Qxd4 Qe4 30. Qa7+ Kxh6 31. Rd1 Kg6 32. Rg1+ Kf6 33. Qg7+
Ke6 34. Qg6+ Rf6 35. Qg5 Rbf8 36. Rh1 f4 37. Qg4+ Qf5 38. Qe2 f3 39. Rf1 Qe4
0-1

[Event "Coupe de la Federation, phase inter-reg"]
[Site "?"]
[Date "2003.05.11"]
[Round "2"]
[White "L'Hermitte, Emmanuel"]
[Black "Djouder, Larbi"]
[Result "1-0"]
[WhiteElo "1560"]
[BlackElo "1730"]
[PlyCount "53"]

1. d4 d5 2. c4 Nf6 3. cxd5 Nxd5 4. e4 Nb6 5. Nf3 g6 6. Be2 Bg7 7. Be3 O-O 8.
O-O Bg4 9. Nc3 Nc6 10. d5 Ne5 11. Nxe5 Bxe2 12. Qxe2 Bxe5 13. f4 Bg7 14. Rad1
Qd7 15. Rd3 Rac8 16. Rfd1 Nc4 17. Bc1 Nd6 18. e5 Nf5 19. Ne4 b6 20. h3 Rfd8 21.
e6 Qb5 22. exf7+ Kxf7 23. Ng5+ Ke8 24. Qe6 Rd6 25. Qxc8+ Rd8 26. Qxc7 Qa5 27.
Ne6 1-0

[Event "Coupe de la Federation, phase inter-reg"]
[Site "?"]
[Date "2003.05.11"]
[Round "2"]
[White "Treveys, Maxime"]
[Black "Poirier, Benoit"]
[Result "1-0"]
[WhiteElo "1680"]
[BlackElo "1730"]
[PlyCount "69"]

1. d4 d5 2. c4 c6 3. cxd5 cxd5 4. Nc3 Nf6 5. Nf3 Nc6 6. Bg5 Bf5 7. e3 a6 8. a3
e6 9. Be2 Bd6 10. O-O O-O 11. Nh4 Bg6 12. Nxg6 fxg6 13. b4 Qc7 14. h3 Nxd4 15.
Qxd4 Be5 16. Qd3 Qxc3 17. Qxc3 Bxc3 18. Ra2 Rac8 19. Rc2 Ne4 20. Bf4 e5 21. Bh2
Rfe8 22. Rfc1 d4 23. f3 Nd6 24. Kh1 Nb5 25. Bxb5 axb5 26. Bxe5 Rxe5 27. exd4
Re3 28. Kg1 Rc4 29. Kf1 Bxd4 30. Rxc4 bxc4 31. Rxc4 Bf6 32. a4 Re5 33. b5 Kf7
34. Kf2 Bh4+ 35. Rxh4 1-0

[Event "Coupe de la Federation, phase inter-reg"]
[Site "?"]
[Date "2003.05.11"]
[Round "2"]
[White "Brand, Georges"]
[Black "Minchilli, Franco"]
[Result "1-0"]
[WhiteElo "1630"]
[BlackElo "1600"]
[PlyCount "134"]

1. e4 e5 2. Nf3 Nf6 3. Nc3 Nc6 4. Bb5 a6 5. Ba4 Bc5 6. O-O O-O 7. d3 b5 8. Bb3
Na5 9. Nxe5 Nxb3 10. axb3 d6 11. Nf3 Bg4 12. Bg5 Bd4 13. h3 Bxf3 14. Qxf3 Qd7
15. Nd1 h6 16. Bh4 b4 17. c3 bxc3 18. bxc3 Bb6 19. Bxf6 gxf6 20. Qxf6 Qe6 21.
Qxe6 fxe6 22. Ne3 c6 23. d4 Rf7 24. b4 c5 25. Nc4 Bc7 26. b5 d5 27. exd5 exd5
28. Ne5 Rf6 29. Nd7 Rf7 30. Nxc5 a5 31. Rfe1 Rb8 32. Na6 Rxb5 33. Nxc7 Rxc7 34.
Rec1 Kf7 35. f3 Rc4 36. Ra3 a4 37. Rca1 Rb3 38. Rxa4 Rbxc3 39. Ra7+ Kg6 40. Rd1
Kg5 41. Rg7+ Kf4 42. Kh2 Rc1 43. Rxc1 Rxc1 44. Rd7 Rd1 45. Rxd5 Rd2 46. Rh5 Ke3
47. Rxh6 Kf2 48. Rh4 Kf1 49. Rg4 Ra2 50. h4 Ra5 51. Rg5 Ra4 52. Rg4 Ra5 53. Kg3
Ra4 54. Re4 Ra5 55. f4 Ra3+ 56. Kg4 Kxg2 57. d5 Rg3+ 58. Kh5 Rg8 59. d6 Kf3 60.
Rd4 Rd8 61. f5 Ke3 62. Rd5 Ke4 63. Ra5 Rxd6 64. Kg5 Rd8 65. Kg6 Kf4 66. f6 Rg8+
67. Kh7 Rd8 1-0

[Event "Coupe de la Federation, phase inter-reg"]
[Site "?"]
[Date "2003.05.11"]
[Round "2"]
[White "Pareux, Marc"]
[Black "Chanove, Bruno"]
[Result "1-0"]
[WhiteElo "1540"]
[BlackElo "1680"]
[PlyCount "57"]

1. d4 d5 2. e4 e6 3. Be3 dxe4 4. Nd2 Nf6 5. f3 exf3 6. Ngxf3 Nc6 7. c3 Be7 8.
Bd3 Nd5 9. Qe2 O-O 10. h4 Nxe3 11. Qxe3 Bd6 12. O-O-O Ne7 13. g4 Nd5 14. Qe4
Nf6 15. Qe2 c5 16. g5 Nd5 17. Qe4 g6 18. Ne5 cxd4 19. Qxd4 Qb6 20. Ne4 Qxd4 21.
cxd4 Bxe5 22. dxe5 Ne3 23. Rd2 b6 24. Nf6+ Kg7 25. h5 Nf5 26. hxg6 Kxg6 27.
Rxh7 Kxg5 28. Rf2 Ng3 29. Rg7+ 1-0

[Event "Coupe de la Federation, phase inter-reg"]
[Site "?"]
[Date "2003.05.11"]
[Round "2"]
[White "Ortega, Ludovic"]
[Black "Deleva, Mathias"]
[Result "0-1"]
[WhiteElo "1499"]
[BlackElo "1650"]
[PlyCount "64"]

1. e4 e6 2. d4 d5 3. Nc3 Nf6 4. Bg5 Bb4 5. e5 h6 6. Bh4 g5 7. Bg3 Ne4 8. Qd3 c5
9. O-O-O c4 10. Qe3 Nxc3 11. bxc3 Be7 12. Be2 b5 13. Nf3 b4 14. h4 Qa5 15. cxb4
Bxb4 16. c3 Bxc3 17. Kc2 Bb4 18. Ra1 g4 19. Nd2 Qa4+ 20. Kb1 Ba3 21. Qc3 Nc6
22. Bd1 Rb8+ 23. Nb3 Bb4 24. Qc2 cxb3 25. axb3 Qb5 26. Be2 Qb6 27. Rc1 Nxd4 28.
Qxc8+ Rxc8 29. Rxc8+ Ke7 30. Rxh8 Nxe2 31. Ra8 a5 32. Rh8 Nxg3 0-1

[Event "Coupe de la Federation, phase inter-reg"]
[Site "?"]
[Date "2003.05.11"]
[Round "3"]
[White "Trens, Yohan"]
[Black "Peltier, Mathieu"]
[Result "1/2-1/2"]
[WhiteElo "1730"]
[BlackElo "1660"]
[PlyCount "48"]

1. e4 d5 2. exd5 Qxd5 3. Nc3 Qa5 4. Bc4 Nf6 5. d3 c6 6. Bd2 Qc7 7. Qe2 Bf5 8.
Nf3 e6 9. Nd4 Be7 10. Nxf5 exf5 11. Qf3 O-O 12. Qxf5 Nbd7 13. O-O-O b5 14. Bb3
a5 15. a4 Nc5 16. Ba2 bxa4 17. Bf4 Qb6 18. d4 Ncd7 19. Nxa4 Qb4 20. Bb3 c5 21.
dxc5 Nxc5 22. Nxc5 Bxc5 23. Bd2 Qb6 24. Bc3 Be7 1/2-1/2

[Event "Coupe de la Federation, phase inter-reg"]
[Site "?"]
[Date "2003.05.11"]
[Round "3"]
[White "Babakan, Kouros"]
[Black "Roy, Alexandre"]
[Result "1-0"]
[WhiteElo "1670"]
[BlackElo "1590"]
[PlyCount "62"]

1. e4 c5 2. Nf3 Nc6 3. d4 cxd4 4. Nxd4 Nf6 5. Nc3 d6 6. Be3 e6 7. Qd2 Be7 8. f3
O-O 9. O-O-O a6 10. g4 Bd7 11. h4 b5 12. g5 Nh5 13. a3 Rc8 14. Nxc6 Bxc6 15.
Be2 Ng3 16. Rhg1 Nxe2+ 17. Nxe2 a5 18. Kb1 Qc7 19. Bd4 b4 20. axb4 axb4 21. b3
Qa5 22. Bb2 Ra8 23. Nd4 Bb7 24. Qd3 e5 25. Nf5 Bd8 26. Nxd6 Qa2+ 27. Kc1 Ba6
28. Qd5 Bb6 29. Rge1 Bf1 30. Qxe5 f6 31. Qd5+ Kh8 1-0

[Event "Coupe de la Federation, phase inter-reg"]
[Site "?"]
[Date "2003.05.11"]
[Round "3"]
[White "Ballerat, Fabrice"]
[Black "Coquet, Michel"]
[Result "0-1"]
[WhiteElo "1690"]
[BlackElo "1499"]
[PlyCount "82"]

1. c4 e5 2. Nc3 Nf6 3. d3 Nc6 4. Nf3 h6 5. g3 Bc5 6. Bg2 d5 7. cxd5 Nxd5 8. Ne4
Bb6 9. O-O f5 10. Ned2 O-O 11. Nc4 e4 12. Nxb6 exf3 13. Nxa8 fxg2 14. Kxg2 Be6
15. Nxc7 Qxc7 16. Bd2 Qd7 17. Kg1 f4 18. e4 fxe3 19. fxe3 Rxf1+ 20. Qxf1 Ne5
21. Rd1 Bg4 22. Rc1 Bh3 23. Qf2 Ng4 24. Qf3 Ne5 25. Qe4 Nc6 26. a3 Bf5 27. Qc4
Ne5 28. Qc2 Nxd3 29. Rf1 Be4 30. Qc4 Qe6 31. Bc3 Ne5 32. Qxe4 Nxc3 33. bxc3 Qd6
34. Qd4 Qc7 35. Qf4 Qc5 36. Qd4 Qc7 37. Rf5 Ng6 38. e4 Qe7 39. Qd5+ Kh7 40. Rf7
Qxa3 41. Qe5 Nxe5 0-1

[Event "Coupe de la Federation, phase inter-reg"]
[Site "?"]
[Date "2003.05.11"]
[Round "3"]
[White "Mazzega, Denis"]
[Black "Bujan, Robert"]
[Result "0-1"]
[WhiteElo "1560"]
[BlackElo "1499"]
[PlyCount "84"]

1. e4 e6 2. Nf3 d5 3. exd5 exd5 4. d4 Bf5 5. Nc3 Nf6 6. Bd3 Bxd3 7. Qxd3 Be7 8.
O-O O-O 9. Bf4 c6 10. Rfe1 Bd6 11. Bxd6 Qxd6 12. Ne5 Nbd7 13. Re3 Rae8 14. Rae1
Qc7 15. h3 Re6 16. Nxd7 Qxd7 17. Rxe6 fxe6 18. Ne2 Ne4 19. f3 Qf7 20. Qe3 Nd6
21. b3 Qf5 22. Ng3 Qg6 23. Qxe6+ Qxe6 24. Rxe6 Nb5 25. Ne2 Kf7 26. Re5 Kf6 27.
c3 c5 28. Rxd5 Re8 29. Kf2 Rxe2+ 30. Kf1 Rxa2 31. Rxc5 a6 32. d5 Ke5 33. c4 Nd6
34. Rc7 Nf5 35. Rxb7 Ne3+ 36. Kg1 Rxg2+ 37. Kh1 Rg6 38. Re7+ Kf4 39. Rf7+ Kg3
40. f4 Kxh3 41. f5 Rg5 42. d6 Nd1 0-1

[Event "Coupe de la Federation, phase inter-reg"]
[Site "?"]
[Date "2003.05.11"]
[Round "3"]
[White "Balaga, Michel"]
[Black "Pupier, Terry"]
[Result "0-1"]
[WhiteElo "1720"]
[BlackElo "1780"]
[PlyCount "63"]

1. e4 e5 2. Nf3 Nf6 3. Nxe5 d6 4. Nf3 Nxe4 5. Qe2 Qe7 6. d3 Nf6 7. Bg5 Qxe2+ 8.
Bxe2 Be7 9. Nc3 Bd7 10. O-O O-O 11. Rfe1 Re8 12. Rad1 Na6 13. a3 Nc5 14. b4 Ne6
15. Bc1 a5 16. b5 c6 17. d4 Nc7 18. a4 Ncd5 19. Nxd5 Nxd5 20. Bd2 Nb6 21. Ra1
Be6 22. Bd3 Bc4 23. Bxc4 Nxc4 24. Bc1 cxb5 25. axb5 b6 26. Nd2 Bg5 27. Rxe8+
Rxe8 28. Nf3 Bxc1 29. Rxc1 Re2 30. Kf1 Re8 31. c3 f6 32. h3 0-1

[Event "Coupe de la Federation, phase inter-reg"]
[Site "?"]
[Date "2003.05.11"]
[Round "3"]
[White "Dequidt, Adrien"]
[Black "Chemin, Serge"]
[Result "1-0"]
[WhiteElo "1660"]
[BlackElo "1690"]
[PlyCount "47"]

1. d4 Nf6 2. Nf3 e6 3. Nbd2 d5 4. e3 Be7 5. Bd3 O-O 6. O-O Nbd7 7. e4 dxe4 8.
Nxe4 Nxe4 9. Bxe4 Nf6 10. Bd3 b6 11. Re1 Bb7 12. c3 Qd6 13. Bg5 Rfd8 14. Ne5 c5
15. Bxf6 Bxf6 16. Bxh7+ Kf8 17. Qh5 Qe7 18. Bg6 Qc7 19. Nxf7 Rd5 20. Qh3 Bc8
21. dxc5 bxc5 22. Rad1 Rd7 23. Nd6 Rxd6 24. Qh8+ 1-0

[Event "Coupe de la Federation, phase inter-reg"]
[Site "?"]
[Date "2003.05.11"]
[Round "3"]
[White "Esteoule, Guy"]
[Black "Vier, Serge"]
[Result "0-1"]
[WhiteElo "1670"]
[BlackElo "1650"]
[PlyCount "92"]

1. e4 e6 2. d4 d5 3. Nc3 dxe4 4. Nxe4 Bd7 5. Nf3 Nc6 6. c3 Be7 7. Bd3 Nf6 8.
Nxf6+ Bxf6 9. O-O O-O 10. Bf4 Ne7 11. Qc2 Ng6 12. Be5 Bc6 13. Be4 Bxe4 14. Qxe4
c6 15. Rfd1 Qe7 16. Bg3 Rad8 17. Kf1 Rfe8 18. Qg4 Nf8 19. Re1 g6 20. h4 h5 21.
Qf4 Nd7 22. Rad1 Nb6 23. Qc1 Qf8 24. Qc2 Be7 25. Ne5 Qg7 26. Re3 Nd5 27. Rde1
Nf6 28. Nf3 Bd6 29. Ne5 Ng4 30. f4 Nf6 31. Kg1 c5 32. Nf3 cxd4 33. Nxd4 Nd5 34.
Re4 Nf6 35. R4e2 Nd5 36. Rf1 Qf6 37. Qc1 Qg7 38. Bh2 Nf6 39. Kh1 Ng4 40. Bg1
Qf6 41. g3 Qe7 42. Kg2 b6 43. Kh3 Qb7 44. Bf2 Qa6 45. a3 Bc5 46. Rfe1 Qc8 0-1

[Event "Coupe de la Federation, phase inter-reg"]
[Site "?"]
[Date "2003.05.11"]
[Round "3"]
[White "Vinot, Raoul"]
[Black "Marchal, Roger"]
[Result "0-1"]
[WhiteElo "1390"]
[BlackElo "1620"]
[PlyCount "32"]

1. d4 e5 2. c4 exd4 3. Qxd4 Nc6 4. Qd1 Nf6 5. Nc3 Bb4 6. Bd2 O-O 7. e3 d6 8.
Bd3 Ne5 9. Be2 Bf5 10. a3 Bxc3 11. Bxc3 Ne4 12. Bxe5 dxe5 13. Nf3 c6 14. Nxe5
Qa5+ 15. b4 Qxe5 16. O-O Nc3 0-1

[Event "Coupe de la Federation, phase inter-reg"]
[Site "?"]
[Date "2003.05.11"]
[Round "3"]
[White "Godain, Jean-Marc"]
[Black "Detanoy, Fabrice"]
[Result "1-0"]
[WhiteElo "1740"]
[BlackElo "1680"]
[PlyCount "93"]

1. e4 d5 2. exd5 Qxd5 3. Nc3 Qd6 4. Nf3 Bg4 5. Be2 c6 6. d3 Nf6 7. Nd2 Bxe2 8.
Qxe2 e6 9. Nde4 Nxe4 10. Nxe4 Qb4+ 11. c3 Qb6 12. Be3 Qc7 13. O-O Nd7 14. Qf3
Bd6 15. h3 h5 16. d4 Nb6 17. b3 Nd5 18. Rac1 O-O-O 19. Rc2 f6 20. Re1 Bf4 21.
Bxf4 Nxf4 22. Nc5 Qd6 23. Nd3 Nxd3 24. Qxd3 g5 25. Rce2 e5 26. Qf5+ Kb8 27.
dxe5 fxe5 28. Qxe5 Rhg8 29. Qxd6+ Rxd6 30. Re8+ Rxe8 31. Rxe8+ Kc7 32. Re2 b5
33. f3 a6 34. Kf2 Rd5 35. Ke1 Kd6 36. Re4 c5 37. Ke2 a5 38. a3 h4 39. a4 b4 40.
c4 Re5 41. Ke3 Ke6 42. f4 Rxe4+ 43. Kxe4 gxf4 44. Kxf4 Kd6 45. Kf5 Kc7 46. Ke5
Kc6 47. Ke6 1-0

[Event "Coupe de la Federation, phase inter-reg"]
[Site "?"]
[Date "2003.05.11"]
[Round "3"]
[White "Poirier, Benoit"]
[Black "Buzy, Aime"]
[Result "1-0"]
[WhiteElo "1730"]
[BlackElo "1680"]
[PlyCount "62"]

1. e4 e6 2. d4 d5 3. Nc3 Bb4 4. e5 Ne7 5. a3 Bxc3+ 6. bxc3 c5 7. f4 b6 8. Nf3
Ba6 9. Bxa6 Nxa6 10. Qe2 Nb8 11. a4 Qc7 12. O-O O-O 13. Ba3 cxd4 14. cxd4 Nbc6
15. c4 Rfc8 16. Rac1 Qd7 17. g4 Ng6 18. Qe3 Na5 19. Nd2 dxc4 20. Bb4 Qxa4 21.
Bxa5 Qxa5 22. Nxc4 Qd5 23. Nd6 Rxc1 24. Rxc1 Nh4 25. Rc2 Nf3+ 26. Kf2 Nxh2 27.
Qc1 h6 28. Kg3 Qxd4 29. Rc8+ Rxc8 30. Qxc8+ Kh7 31. Qc2+ g6 1-0

[Event "Coupe de la Federation, phase inter-reg"]
[Site "?"]
[Date "2003.05.11"]
[Round "3"]
[White "Saint-Sulpice, Xavier"]
[Black "Deleva, Mathias"]
[Result "1/2-1/2"]
[WhiteElo "1620"]
[BlackElo "1650"]
[PlyCount "47"]

1. e4 e6 2. d4 d5 3. exd5 exd5 4. Nc3 Bb4 5. Bd2 c6 6. Bd3 Nd7 7. Nge2 Ne7 8.
a3 Bd6 9. Bf4 Nf6 10. Bxd6 Qxd6 11. O-O O-O 12. Ng3 Ng6 13. Nce2 Nf4 14. Nxf4
Qxf4 15. c3 Re8 16. Qc2 Bd7 17. Rfe1 b6 18. Re2 Rxe2 19. Bxe2 Re8 20. Rd1 Bg4
21. Bxg4 Nxg4 22. h3 Nf6 23. Qa4 Qc7 24. Qc2 1/2-1/2

[Event "Coupe de la Federation, phase inter-reg"]
[Site "?"]
[Date "2003.05.11"]
[Round "3"]
[White "Roux, Lionel"]
[Black "Tripoz, Alexandre"]
[Result "1/2-1/2"]
[WhiteElo "1610"]
[BlackElo "1570"]
[PlyCount "55"]

1. e4 e5 2. Nf3 Nc6 3. Bb5 a6 4. Ba4 Bc5 5. O-O d6 6. c3 Bg4 7. d3 Nge7 8. Bg5
h6 9. Bh4 O-O 10. Nbd2 b5 11. Bb3 a5 12. Bd5 Ra6 13. a3 Qd7 14. Ba2 a4 15. Qc2
Kh8 16. Rac1 f5 17. Bxe7 Qxe7 18. exf5 Bxf5 19. Bb1 d5 20. Rfe1 Qf6 21. Qd1 Bg4
22. Qc2 Ba7 23. d4 Bf5 24. Qxf5 Qxf5 25. Bxf5 Rxf5 26. Re2 e4 27. Nh4 Rf7 28.
g3 1/2-1/2

[Event "Coupe de la Federation, phase inter-reg"]
[Site "?"]
[Date "2003.05.11"]
[Round "1"]
[White "Djouder, Larbi"]
[Black "Molina, Joaquin"]
[Result "1-0"]
[WhiteElo "1730"]
[BlackElo "1520"]
[PlyCount "85"]

1. e4 e6 2. d4 d5 3. Nc3 Nf6 4. Bd3 c5 5. dxc5 Bxc5 6. Bg5 Be7 7. exd5 Nxd5 8.
Bxe7 Nxe7 9. Nf3 Nd7 10. Qd2 Nf6 11. Rd1 O-O 12. O-O b6 13. Bxh7+ Kxh7 14. Qxd8
Rxd8 15. Rxd8 Nc6 16. Rdd1 Ba6 17. Rfe1 Rh8 18. Rd2 Kg6 19. h3 b5 20. Ne5+ Nxe5
21. Rxe5 b4 22. Na4 Nd5 23. Re1 Bb7 24. Nc5 Bc6 25. f3 Kf6 26. Ne4+ Kf5 27.
Nd6+ Kf6 28. Ne4+ Ke7 29. c4 Nf4 30. Red1 f5 31. Nc5 Rh6 32. Rd6 Be8 33. Ra6
Rg6 34. Rxa7+ Kf6 35. Rd2 Nxh3+ 36. Kf1 Nf4 37. Nd7+ Kg5 38. Ne5 Rh6 39. Nf7+
Bxf7 40. Rxf7 Rh1+ 41. Kf2 Kg6 42. Rfd7 Rh2 43. Kg3 1-0

[Event "Coupe de la Federation, phase inter-reg"]
[Site "?"]
[Date "2003.05.11"]
[Round "3"]
[White "Gros, Eddie"]
[Black "Mollard, Bernard"]
[Result "0-1"]
[WhiteElo "1460"]
[BlackElo "1690"]
[PlyCount "76"]

1. d3 Nf6 2. e3 g6 3. g3 Bg7 4. Bg2 d5 5. h3 O-O 6. Ne2 e5 7. Nbc3 c6 8. e4 d4
9. Nb1 Nbd7 10. Nd2 Qa5 11. a3 c5 12. O-O b5 13. b3 Nb6 14. Nf3 Nfd7 15. Bd2
Qa6 16. g4 c4 17. Ng3 cxd3 18. cxd3 Nc5 19. Bb4 Nbd7 20. Nh4 Qb6 21. f4 a5 22.
Bd2 Nxd3 23. f5 Nf4 24. Bxf4 exf4 25. e5 Bxe5 26. Bxa8 d3+ 27. Kh1 Bb7+ 28.
Bxb7 Qxb7+ 29. Nf3 Bxa1 30. Qxa1 fxg3 31. Kg2 Qd5 32. Qd4 Qxd4 33. Nxd4 b4 34.
a4 Nc5 35. Rd1 Re8 36. Kxg3 Re3+ 37. Kh4 Ne4 38. Nc6 g5+ 0-1

[Event "Coupe de la Federation, phase inter-reg"]
[Site "?"]
[Date "2003.05.11"]
[Round "3"]
[White "L'Hermitte, Emmanuel"]
[Black "Treveys, Maxime"]
[Result "0-1"]
[WhiteElo "1560"]
[BlackElo "1680"]
[PlyCount "76"]

1. d4 Nf6 2. c4 g6 3. Nc3 Bg7 4. e4 d6 5. Nf3 O-O 6. Be2 Nbd7 7. O-O e5 8. Be3
Ng4 9. Bg5 f6 10. Bh4 exd4 11. Nxd4 Nge5 12. Ne6 Qe7 13. Nxf8 Qxf8 14. Nd5 c6
15. Nc7 Rb8 16. Ne6 Qf7 17. Nxg7 Kxg7 18. b3 Qf8 19. f4 Nf7 20. Qd2 Nc5 21. Qd4
Qe7 22. Bf3 a6 23. Rae1 Ne6 24. Qa7 Qc7 25. Qe3 Nh6 26. Bg3 c5 27. e5 f5 28.
exd6 Qxd6 29. h3 Ng8 30. Bd5 Kf7 31. Qc3 Nf6 32. Bh4 Nxd5 33. cxd5 Nd4 34. Re7+
Qxe7 35. Bxe7 Ne2+ 36. Kh2 Nxc3 37. Bxc5 Bd7 38. a4 Rc8 0-1

[Event "Coupe de la Federation, phase inter-reg"]
[Site "?"]
[Date "2003.05.11"]
[Round "3"]
[White "Minchilli, Franco"]
[Black "Chanove, Bruno"]
[Result "1-0"]
[WhiteElo "1600"]
[BlackElo "1680"]
[PlyCount "73"]

1. d4 d5 2. c4 e6 3. Nc3 Nf6 4. Nf3 h6 5. Ne5 Bb4 6. Qa4+ Nc6 7. Nxc6 Bxc3+ 8.
bxc3 bxc6 9. Qxc6+ Bd7 10. Qa6 Ne4 11. Qa5 dxc4 12. Bf4 Nd6 13. g3 Bc6 14. f3
O-O 15. Bh3 Qe7 16. O-O Rfb8 17. Qh5 Qf6 18. Be5 Qg5 19. Qg4 Qxg4 20. Bxg4 Rb2
21. e4 Rab8 22. h4 Rc2 23. Rf2 Rbb2 24. Rxc2 Rxc2 25. Rb1 Rxa2 26. d5 Bd7 27.
h5 Nb5 28. Rb4 Kf8 29. dxe6 fxe6 30. Rxc4 Rc2 31. Rc5 a6 32. c4 Nc3 33. Rxc7
Ne2+ 34. Kf1 Ke7 35. Ke1 Nc3 36. Bxg7 Kd6 37. Rb7 1-0

[Event "Coupe de la Federation, phase inter-reg"]
[Site "?"]
[Date "2003.05.11"]
[Round "3"]
[White "Ortega, Ludovic"]
[Black "Creston, Gregory"]
[Result "0-1"]
[WhiteElo "1499"]
[BlackElo "1460"]
[PlyCount "30"]

1. e4 Nf6 2. Nc3 e5 3. Nf3 Nc6 4. d4 exd4 5. Nxd4 Bc5 6. Nxc6 bxc6 7. e5 Qe7 8.
Qe2 Nd5 9. Nxd5 cxd5 10. Bf4 O-O 11. c3 Re8 12. Rd1 Bb7 13. b4 Bb6 14. Be3 Qxe5
15. Bxb6 Qxc3+ 0-1

[Event "Coupe de la Federation, phase inter-reg"]
[Site "?"]
[Date "2003.05.11"]
[Round "3"]
[White "Bellotti, Laurent"]
[Black "Pareux, Marc"]
[Result "0-1"]
[WhiteElo "1499"]
[BlackElo "1540"]
[PlyCount "94"]

1. e4 g6 2. d4 Bg7 3. Nf3 c6 4. c3 d5 5. exd5 cxd5 6. Bb5+ Bd7 7. Qb3 Bxb5 8.
Qxb5+ Qd7 9. Qxd7+ Nxd7 10. O-O e6 11. Na3 a6 12. Re1 b5 13. b4 Ngf6 14. Bg5
O-O 15. Bxf6 Bxf6 16. Nb1 Nb6 17. Nbd2 Rfc8 18. Nb1 Rc7 19. Ne5 Rac8 20. a3 Na4
21. Re3 Nxc3 22. Nxc3 Rxc3 23. Rxc3 Rxc3 24. g3 Kf8 25. a4 Bxe5 26. dxe5 Rc4
27. axb5 axb5 28. Rb1 d4 29. Kf1 Ke7 30. Ke2 f6 31. exf6+ Kxf6 32. Kd3 e5 33.
Rb2 Kf5 34. h3 h5 35. Ke2 g5 36. Rb3 e4 37. f3 Rc2+ 38. Kf1 e3 39. Rd3 Ke5 40.
f4+ gxf4 41. gxf4+ Ke4 42. Rb3 Kxf4 43. Ke1 Ke4 44. Rb1 d3 45. Kd1 e2+ 46. Ke1
Ke3 47. Rb3 Rc1# 0-1